Southville International School and Colleges
Your cart is empty.
  • Cart
  • Lists
    Public lists Eva Luna New books Lux_list list_1
    Your lists Log in to create your own lists
  • Log in to your account
  • Your cookies
  • Search history
Southville International School and Colleges
  • Advanced search
  • Recent comments
  • Most popular
  • Libraries

Log in to your account

Log in with GOOGLE


If you do not have an external account, but do have a local account, you can still log in:

  1. Home
  2. MARC view: The definitive Drucker /
Normal view MARC view ISBD view

The definitive Drucker / (Record no. 2210)

[ view plain ]
MARC details
000 -LEADER
fixed length control field 02618cam a2200409 a 4500
001 - CONTROL NUMBER
control field 14514188
003 - CONTROL NUMBER IDENTIFIER
control field OSt
005 - DATE AND TIME OF LATEST TRANSACTION
control field 20140310181726.0
008 - FIXED-LENGTH DATA ELEMENTS--GENERAL INFORMATION
fixed length control field 060823s2007 nyua b 001 0beng
010 ## - LIBRARY OF CONGRESS CONTROL NUMBER
LC control number 2006028011
020 ## - INTERNATIONAL STANDARD BOOK NUMBER
International Standard Book Number 0071472339 (alk. paper)
020 ## - INTERNATIONAL STANDARD BOOK NUMBER
International Standard Book Number 9780071472333 (alk. paper)
035 ## - SYSTEM CONTROL NUMBER
System control number (OCoLC)ocm71146444
040 ## - CATALOGING SOURCE
Original cataloging agency DLC
Transcribing agency DLC
Modifying agency BAKER
-- C#P
-- YDXCP
-- IXA
-- BUR
-- DLC
050 00 - LIBRARY OF CONGRESS CALL NUMBER
Classification number HD 31
Item number .Ed356 2007
082 00 - DEWEY DECIMAL CLASSIFICATION NUMBER
Classification number IB 658
Item number Ed2 2007
100 1# - MAIN ENTRY--PERSONAL NAME
Personal name Edersheim, Elizabeth Haas.
245 14 - TITLE STATEMENT
Title The definitive Drucker /
Statement of responsibility, etc Elizabeth Haas Edersheim.
260 ## - PUBLICATION, DISTRIBUTION, ETC. (IMPRINT)
Place of publication, distribution, etc New York :
Name of publisher, distributor, etc McGraw-Hill,
Date of publication, distribution, etc 2007.
300 ## - PHYSICAL DESCRIPTION
Extent xii, 289 p. :
Other physical details ill. ;
Dimensions 24 cm.
504 ## - BIBLIOGRAPHY, ETC. NOTE
Bibliography, etc Includes bibliographical references and index.
504 ## - BIBLIOGRAPHY, ETC. NOTE
Bibliography, etc "Books by Peter F. Drucker": p. 271-273.
505 0# - FORMATTED CONTENTS NOTE
Formatted contents note Doing business in the Lego world -- The customer : joined at the hip -- Innovation and abandonment -- Collaboration and orchestration -- People and knowledge -- Decision making : the chassis that holds the whole together -- The twenty-first-century CEO.
520 ## - SUMMARY, ETC.
Summary, etc "For consultant Edersheim, a request directly from Peter Drucker to write about his life's work was a dream come true. For 16 months, Edersheim had unprecedented access to Drucker, talking with the father of modern management about business practices, economic changes, and contemporary trends--many of which he had predicted decades ago. During this period, she also interviewed top executives about Drucker's influence; they in turn gave their views on his management wisdom. This book delivers the most updated and comprehensive view of Drucker's contribution to the discipline of management over the past 75 years, updated for the modern business approach with new applications of his timeless principles.--From publisher description."--From source other than the Library of Congress
521 ## - TARGET AUDIENCE NOTE
Source lexile
562 ## - COPY AND VERSION IDENTIFICATION NOTE
Number of copies for circulation. 1 copy available in the collection
650 #0 - SUBJECT ADDED ENTRY--TOPICAL TERM
Topical term or geographic name as entry element Management.
650 #0 - SUBJECT ADDED ENTRY--TOPICAL TERM
Topical term or geographic name as entry element Leadership.
700 1# - ADDED ENTRY--PERSONAL NAME
Personal name Drucker, Peter F.
Fuller form of name (Peter Ferdinand),
Dates associated with a name 1909-2005.
856 41 - ELECTRONIC LOCATION AND ACCESS
Materials specified Table of contents only
Uniform Resource Identifier <a href="http://www.loc.gov/catdir/toc/ecip0619/2006028011.html">http://www.loc.gov/catdir/toc/ecip0619/2006028011.html</a>
856 42 - ELECTRONIC LOCATION AND ACCESS
Materials specified Contributor biographical information
Uniform Resource Identifier <a href="http://www.loc.gov/catdir/enhancements/fy0668/2006028011-b.html">http://www.loc.gov/catdir/enhancements/fy0668/2006028011-b.html</a>
856 42 - ELECTRONIC LOCATION AND ACCESS
Materials specified Publisher description
Uniform Resource Identifier <a href="http://www.loc.gov/catdir/enhancements/fy0668/2006028011-d.html">http://www.loc.gov/catdir/enhancements/fy0668/2006028011-d.html</a>
906 ## - LOCAL DATA ELEMENT F, LDF (RLIN)
a 7
b cbc
c orignew
d 1
e ecip
f 20
g y-gencatlg
942 ## - ADDED ENTRY ELEMENTS (KOHA)
Source of classification or shelving scheme Library of Congress Classification
Koha item type Books
Holdings
Withdrawn status Lost status Source of classification or shelving scheme Damaged status Home library Current library Shelving location Date acquired Total Checkouts Full call number Barcode Date last seen Copy number Price effective from Koha item type
    Library of Congress Classification   Luxembourg Library Luxembourg Library International Baccalaureate Section 03/08/2013   HD 31 .Ed356 2007 15814 08/13/2013 1 10/03/2013 Books

The definitive Drucker /

APA

Edersheim E. H., Drucker P. F., . (2007). The definitive Drucker. New York: McGraw-Hill.

Chicago

Edersheim Elizabeth Haas, Drucker Peter F, . 2007. The definitive Drucker. New York: McGraw-Hill.

Harvard

Edersheim E. H., Drucker P. F., . (2007). The definitive Drucker. New York: McGraw-Hill.

MLA

Edersheim Elizabeth Haas, Drucker Peter F, . The definitive Drucker. New York: McGraw-Hill. 2007.

  • Place hold
  • Print
  • Cite
  • Add to your cart (remove)
  • Save record
    BIBTEX Dublin Core MARCXML MARC (non-Unicode/MARC-8) MARC (Unicode/UTF-8) MARC (Unicode/UTF-8, Standard) MODS (XML) RIS
  • More searches
    Search for this title in:
    Other Libraries (WorldCat) Other Databases (Google Scholar) Online Stores (Bookfinder.com) Open Library (openlibrary.org)

Exporting to Dublin Core...

SOUTHVILLE LIBRARY

Southville International School and Colleges Library

1281 Tropical Ave. Cor. Luxembourg St., BF Homes International, Las Pinas City

Tel. No. 8256374 / 252358 Loc. 117/146

Powered by Koha